Antropología médica
Saved in:
| Hovedforfatter: | |
|---|---|
| Format: | Bog |
| Sprog: | spansk |
| Udgivet: |
Madrid
Rialp
1966
|
| Fag: | |
| Tags: |
Tilføj Tag
Ingen Tags, Vær først til at tagge denne postø!
|
MARC
| LEADER | 00000nam a2200000 a 4500 | ||
|---|---|---|---|
| 001 | UCP7527 | ||
| 003 | CL-VaPUC | ||
| 008 | 991217e19660000SP |||||||||||||||||spa|d | ||
| 082 | 0 | 4 | |a 616.89 |b VON |2 21 |
| 100 | 0 | |a Von Gebsattel, V. E |e author |9 436946 | |
| 245 | 1 | 0 | |a Antropología médica |
| 300 | |a 519 p | ||
| 942 | |c BK | ||
| 945 | |d 19991217 00:00:00 |a rherrera | ||
| 260 | |a Madrid |b Rialp |c 1966 | ||
| 650 | 0 | |a Antropología |9 233030 | |
| 650 | 0 | |a Psiquiatría |9 308427 | |
| 650 | 0 | |a Investigación |9 257811 | |
| 650 | 0 | |a Depresión |9 334267 | |
| 650 | 0 | |a Fobias |9 335917 | |
| 650 | 7 | |a PSICOPATIAS |2 CL-VaPUC |9 402308 | |
| 583 | |a last modification |c 19991217 00:00:00 |k Rodrigo Vera | ||
| 999 | |c 284650 |d 284648 | ||
| 952 | |0 0 |1 0 |4 0 |6 616_890000000000000_VON_1966 |7 0 |8 A |9 328813 |a BIBHIS |b BIBHIS |d 2019-11-20 |i 1378651 |o 616.89 VON 1966 |p 1378651 |r 2025-01-20 |w 2019-11-20 |y BK |k HIS | ||